| 000 | 00375nam a22001337a 4500 | ||
|---|---|---|---|
| 008 | 230619b xxu||||| |||| 00| 0 eng d | ||
| 082 |
_a011.53 _bJOV |
||
| 100 | _cSusan I.Jover | ||
| 110 | _bThe Government Documents Round Table ALA | ||
| 245 | _aGuide to official Publications of foreign Countries | ||
| 260 |
_bAll right reserved _c1990 |
||
| 300 | _a359p | ||
| 942 |
_2ddc _cBK |
||
| 999 |
_c1189 _d1189 |
||